01290cam a2200253 a 450000100090000000300040000900500170001300800410003001000170007102000180008804000470010605000230015308200170017610000290019324500760022226000340029830000260033250000200035850504300037865000210080894200400082995201500086999900170101915630106OSt20230822120415.0090219s2009 nyu 001 0 eng  a 2009006001 a9780367241957 aDLCcDLCdBTCTAdYDXCPdC#PdBWXdCDXdDLC00aHF5387b.C349 200900a174.4bCAR/B1 aCarroll, Archie B.9933610aBusiness ethics :bbrief readings on vital topics /cArchie B. Carroll. aNew York :bRoutledge,c2009. axvi, 284 p. ;c24 cm. aIncludes index.0 aThinking about business ethics and corporate citizenship -- Compliance, companies, and corporate governance -- Ethical leadership : the heart of moral direction -- Ethics issues and guidelines for decision making -- Spirituality and business ethics -- Ethics, organizations, and management -- Stakeholders, environment, and sustainability -- Employee stakeholders -- Consumer stakeholders -- Global topics in business ethics. 0aBusiness ethics. 2ddccBKh174.4iCAR/Bk174.4mCAR/B 00102ddc40708ETHICSaMESbMEScETHICSd2023-08-24l3m2o174.4 CAR/Bp42141r2025-01-08 12:12:48s2024-12-20v1595.00w2023-08-24yBKzGL45R4 c41943d41943